Arquiteto Decio Tozzi

Gespeichert in:
Bibliographische Detailangaben
1. Verfasser: Tozzi, Decio (VerfasserIn)
Format: Buch
Sprache:Portugiesisch
Englisch
Veröffentlicht: Sao Paulo D`Auria 2005
Schlagworte:
Tags: Tag hinzufügen
Keine Tags, Fügen Sie den ersten Tag hinzu!

MARC

LEADER 00000nam a2200000 a 4500
001 UCG2905
003 CL-VaPUC
008 100729e20050000BL |||||||||||||||||por|d
020 |a 8599423010 
041 0 7 |a por  |2 CL-VaPUC 
041 0 7 |a eng  |2 CL-VaPUC 
082 0 4 |a 720.981  |b TOZ  |2 21 
100 0 |a Tozzi, Decio  |e author  |9 551566 
245 1 0 |a Arquiteto Decio Tozzi 
300 |a 335 p 
942 |c BK 
945 |d 20100729 00:00:00  |a mfarfan 
260 |a Sao Paulo  |b D`Auria  |c 2005 
650 0 |a Arquitectura  |9 804558 
651 0 |a Brasil  |9 267393 
583 |a last modification  |c 20100729 00:00:00  |k Rodrigo Vera 
999 |c 342007  |d 342005 
952 |0 0  |1 0  |4 0  |6 720_981000000000000_TOZ_2005  |7 0  |8 A  |9 437945  |a BIBARQ  |b BIBARQ  |d 2019-11-22  |i 4699807  |o 720.981 TOZ 2005  |p 4699807  |r 2025-01-20  |w 2019-11-22  |y BK  |k ARQ